| Tag |
First Indicator |
Second Indicator |
Subfields |
| LEADER |
00000cam a2200000 a 4500 |
| 001 |
in00001237771 |
| 005 |
20151003071910.0 |
| 008 |
941201s1995 dcu b 000 0 eng |
| 010 |
|
|
|a 94044557
|
| 020 |
|
|
|a 0821330756
|
| 035 |
|
|
|a (OCoLC)31740266
|
| 035 |
|
|
|9 AGT5398AM
|
| 040 |
|
|
|a DLC
|c DLC
|d NLM
|d TXA
|d UtOrBLW
|
| 043 |
|
|
|a fb-----
|
| 049 |
|
|
|a TXAM
|
| 050 |
0 |
0 |
|a RA395.A5548
|b S53 1995
|
| 060 |
0 |
0 |
|a 1995 D-277
|
| 060 |
1 |
0 |
|a W 74
|b S536f 1995
|
| 069 |
0 |
|
|a 9506082
|
| 082 |
0 |
0 |
|a 338.4/33621/0967
|2 20
|
| 100 |
1 |
|
|a Shaw, R. Paul.
|
| 245 |
1 |
0 |
|a Financing health care in sub-Saharan Africa through user fees and insurance /
|c R. Paul Shaw, Charles C. Griffin.
|
| 264 |
|
1 |
|a Washington, D.C. :
|b World Bank,
|c 1995.
|
| 300 |
|
|
|a vii, 99 pages :
|b illustrations ;
|c 23 cm.
|
| 336 |
|
|
|a text
|b txt
|2 rdacontent
|
| 337 |
|
|
|a unmediated
|b n
|2 rdamedia
|
| 338 |
|
|
|a volume
|b nc
|2 rdacarrier
|
| 490 |
1 |
|
|a Directions in development
|
| 504 |
|
|
|a Includes bibliographical references (pages 91-99).
|
| 650 |
|
0 |
|a Medical care
|z Africa, Sub-Saharan
|x Finance.
|
| 650 |
|
0 |
|a Health insurance
|z Africa, Sub-Saharan.
|
| 650 |
|
0 |
|a User charges
|z Africa, Sub-Saharan.
|
| 650 |
1 |
2 |
|a Health Care Costs.
|
| 650 |
2 |
2 |
|a Insurance, Health
|x economics
|z Africa South of the Sahara.
|
| 650 |
2 |
2 |
|a Financing, Organized
|z Africa South of the Sahara.
|
| 650 |
2 |
2 |
|a Fees and Charges.
|
| 700 |
1 |
|
|a Griffin, Charles C.,
|d 1951-
|
| 830 |
|
0 |
|a Directions in development (Washington, D.C.)
|
| 999 |
|
|
|a MARS
|
| 999 |
f |
f |
|s 47418f52-4a90-3ed6-8d67-c1f1e2fa1b3b
|i 29345986-320f-3c1b-8199-33e6ae9b5247
|t 0
|
| 952 |
f |
f |
|p ric
|a Texas A&M University
|b Rellis Campus
|c Joint Library Facility
|d Remote Storage
|t 0
|e RA395.A5548 S53 1995
|h Library of Congress classification
|i unmediated -- volume
|m A14819770148
|
| 998 |
f |
f |
|a RA395.A5548 S53 1995
|t 0
|l Remote Storage
|